KANVASATA PATHA BRAHMARAM (Record no. 7937)

MARC details
000 -LEADER
fixed length control field 00290nam a2200121Ia 4500
082 ## - DEWEY DECIMAL CLASSIFICATION NUMBER
Classification number 615.53
Item number K 94 S
100 ## - MAIN ENTRY--PERSONAL NAME
Personal name SWAMINATHAN,C.R.
245 ## - TITLE STATEMENT
Title KANVASATA PATHA BRAHMARAM
260 ## - PUBLICATION, DISTRIBUTION, ETC. (IMPRINT)
Name of publisher, distributor, etc VED PRAKASH
Year of Publication 1994
300 ## - PAGE DESCRIPTION
No. of Pages 168
942 ## - ADDED ENTRY ELEMENTS (KOHA)
Source of classification or shelving scheme Dewey Decimal Classification
Koha item type Books
Holdings
Withdrawn status Lost status Source of classification or shelving scheme Damaged status Use restrictions Not for loan Collection code Home library Current library Shelving location Date acquired Vendor Name Cost, normal purchase price Volume Information (Serial or Books or Non-Book Material) SGTU Bill Number Full call number Accession No. (Barcode) Date last seen Bill Date Koha item type
    Dewey Decimal Classification   Restricted Access   AYURVEDA SGT FA-FP Library SGT FA-FP Library On Display 14/09/2015 CHAUKHAMBHA PUB. NEW DELHI 60.00 1 SGTU CP/B/788 615.53 K 94 S FA2070 17/07/2025 28/01/2015 Rare Books
    Dewey Decimal Classification   Restricted Access   AYURVEDA SGT FA-FP Library SGT FA-FP Library On Display 14/09/2015 CHAUKHAMBHA PUB. NEW DELHI 60.00 2 SGTU CP/B/788 615.53 K 94 S FA2071 17/07/2025 28/01/2015 Rare Books
    Dewey Decimal Classification   Restricted Access   AYURVEDA SGT FA-FP Library SGT FA-FP Library On Display 14/09/2015 CHAUKHAMBHA PUB. NEW DELHI 60.00 3 SGTU CP/B/788 615.53 K 94 S FA2072 17/07/2025 28/01/2015 Rare Books